All Chloe Moriondo Songs (updated Feb 2025) - Statistics

General Stats
  • This quiz has been taken 8 times
  • The average score is 45 of 83
Answer Stats
Songs Songs % Correct
I Eat Boys
100%
I Eat Boys (feat. dodie)
100%
7seas
83%
Bodybag
83%
Celebrity
83%
Celebrity - Blood Bunny Version
83%
Favorite Band
83%
Fruity
83%
Ghost Adventure Spirit Orb
83%
GIRL ON TV
83%
I Want To Be With You
83%
I Want To Be With You - SUCKERPUNCH Version
83%
Kalmia Kid
83%
Luv Note
83%
Manta Rays
83%
oyster
83%
Samantha
83%
Silly Girl
83%
Slacker
83%
Strawberry Blonde
83%
Rabbit Hearted. Waves
83%
Waves (Piano) (with Shortly)
83%
Waves (Remix) (with Shortly & Cavetown)
83%
What If It Doesn't End Well
83%
abyss
67%
Bugbear
67%
Cdbaby<3
67%
Cdbaby<3 - Banoffee remix
67%
Cdbaby<3 - underscores remix
67%
Exhausted
67%
Hell Hounds
67%
Hell Hounds
67%
Hotel for Clowns
67%
Kindergarten
67%
Kindergarten - BUNT. Remix
67%
Knockout
67%
Plastic Purse
67%
Rly Don't Care
67%
Vapor
67%
catch
50%
Diet Heartbreak
50%
Dizzy (feat. Thomas Headon & Alfie Templeman)
50%
Dream About U
50%
DRESS UP
50%
Far Away Friend
50%
Hearteyes
50%
Little Moth
50%
Living Virtually
50%
Road Trip
50%
sammy
50%
shoreline
50%
Take Your Time
50%
dog days are over
33%
hate it
33%
Killbot!
33%
Mr Loverman (with Ricky Montgomery)
33%
my dog won't miss you (dead 2 me)
33%
parasite
33%
pond
33%
Popstar
33%
pressure (with aldn)
33%
raw
33%
September (From Life is Strange)
33%
sinking
33%
siren calling
33%
Small
33%
Spaceland
33%
Stagnant
33%
Teenage Dirtbag (with Cavetown)
33%
Trophy
33%
use
33%
weak
33%
Be Around Me (with Will Joseph Cook)
17%
Cry
17%
Dreams
17%
Haunt You (with X Lovers)
17%
Lonely (Planet Earth) (with Dillon Francis)
17%
nice pup
17%
not okay (feat. mazie)
17%
Oh My Darling Clementine
17%
space girl (with Frances Forever)
17%
werewolf
17%
Words Ain't Enough (with Tessa Violet)
17%
No matching quizzes found
Score Distribution
Percent of People with Each Score
Percentile by Number Answered
Your Score History
You have not taken this quiz